Bahuroopee Gandhi /

Saved in:
Bibliographic Details
Main Author: Banerjee, Anukul Chandra, 1911-
Format: Book
Language:English
Published: Bombay : Popular Prakashan, 1964.
Subjects:
LEADER 00850nam a2200217 a 4500
001 c000056955
003 CARM
005 00000000000000.0
008 s1964 ii af 00010 eng d
019 1 |a 4655140  |5 LACONCORD2021 
035 |a (OCoLC)154124348  |5 LACONCORD2021 
040 |a VERC  |c VERC 
082 1 |a 954.0350924  |2 19 
100 1 |a Banerjee, Anukul Chandra,  |d 1911- 
245 0 0 |a Bahuroopee Gandhi /  |c Anu Bandyopadhyaya ; foreword by Jawaharlal Nehru. 
260 |a Bombay :  |b Popular Prakashan,  |c 1964. 
300 |a xii, 171 p., [1] p. of plates :  |b ill. ;  |c 18 cm. 
600 0 0 |a Gandhi,  |c Mahatma,  |d 1869-1948, 
852 8 |b CARM  |h A2:AH15H0  |i A02753  |p 0203146  |f BK 
999 f f |i 4bf7b820-4001-5939-87d8-3102fa77d33c  |s 431e6a3a-ba8f-5030-916e-1ce393c17f8d 
952 f f |p Can circulate  |a CAVAL  |b CAVAL  |c CAVAL  |d CARM 1 Store  |e A02753  |f A2:AH15H0  |h Other scheme  |i book  |m 0203146